10 najsilniejszych armii na świecie – największe armie - Statystyki

Ogólne statystyki
  • Ten quiz został rozwiązany 32 razy
  • Średni wynik to 8 z 10
Statystyki odpowiedzi
Odpowiedź % Poprawnych
Stany Zjednoczone
100%
Chiny
96%
Rosja
96%
Wielka Brytania
93%
Indie
89%
Francja
86%
Japonia
82%
Turcja
68%
Włochy
68%
Korea Południowa
64%
Nie znaleziono quizów pasujących do podanych kryteriów
Rozkład punktacji
Procent ludzi z każdym wynikiem
Percentyl według liczby udzielonych odpowiedzi
Twoja historia wyników
Nie rozwiązałeś tego quizu